| 000 | 00905nam a22002771i 4500 | ||
|---|---|---|---|
| 005 | 20201015145418.0 | ||
| 008 | 201015s2018 ii |||e ||| 000 f tam d | ||
| 020 |
_cRM 81.20 _qpaperback |
||
| 040 |
_aPPAK _beng _cPPAK _erda |
||
| 082 | 0 | 4 |
_223 _a894.9113 |
| 090 | 0 | 0 |
_a894.9113 _bMUR _dG |
| 100 | 1 |
_6880-01 _aMurali, Sashi _eauthor. |
|
| 245 | 1 | 0 |
_6880-02 _aViinaiyai Nii Enakku / _cSashi Murali |
| 264 | 1 |
_aChennai, India : _bMS Publications , _c2018. |
|
| 300 |
_a3 volume (480 pages, 480 pages, 528 pages) ; _c18 cm. |
||
| 336 |
_2rdacontent _atext |
||
| 337 |
_2rdamedia _aunmediated |
||
| 338 |
_2rdacarrier _avolume |
||
| 546 | _aIn Tamil. | ||
| 650 | 1 | 0 |
_aMan-woman relationships _xfiction. |
| 650 | 2 | 0 | _aTamil fiction. |
| 655 | _aRomance fiction | ||
| 880 | 1 |
_6100-01 _aமுரளி, சஷி |
|
| 880 | 1 | 0 |
_6245-02 _aவீணையடி நீ எனக்கு... |
| 942 |
_2ddc _cB |
||
| 999 |
_c179527 _d179527 |
||